000 00757nam a22002657a 4500
005 20260313130056.0
008 260313b |||||||| |||| 00| 0 eng d
020 _a9789348002372
037 _cTB
040 _aLCT
_cLCT
041 _2eng
_aeng
_heng
084 _aV2:2:(Z) N7;R5
100 _aNarender Kumar
245 _aConstitutional Law of India/
250 _a12th ed.
260 _aFaridabad, India:
_bAllahabad Law Agency,
_c2025
300 _acxviii, 1175p.
365 _b1095.00
_cINR
650 _2Law
650 _aConstitutional Law
650 _aIndian Constitution
_9693624
650 _aFundamental Rights
650 _aDirective Principles
_9762216
942 _2CC
_cTB
_hV2:2:(Z) N7;R5
_n0
999 _c1715356
_d1715356